1676 1610 1395 1418 1441 1373 1713 1334 1123 1417 1352 1594 1004 1893 1955 1969 1061 1204 1119 1546 1247 1402 1844 1923 1203 1867 1568 1790 1077 1679 1798 1662 1225 1315 1488 1907 1781 1696 1045 1591 1958 1805 1918 1098 1276 1027 1425 1933 1555 1997 1108 1779 1211 1513 1093 1505 1561 1577 1904 1473 1453 1253 1190 1530 1433 1789 1429 1431 1042 1897 1048 1187 1711 1088 1439 1795 1061 1771 1234 1997 1827 1209 1353 1896 1585 1532 1193 1243 1482 1520 1893 1814 1362 1206 1887 1263 1989 1969 1113 BCNSPRNW ULIB Ver.6.0+V

เปลี่ยนเป็นภาษาไทย

Change to English
 แสดงรายละเอียดบรรณานุกรม
  กลับหน้าหลัก

Brief Record : Get Marc (ISO 2709) : E-mail record : QR code < ปิดหน้าต่าง
LEADER : 00000nam 2200000uu 4500
001    13399127145
003     ULIB
008    191017s2017||||th 000 0 tha d
020    ^a9781316640050 (pbk.)
050  4 ^aPE1128^bM664
245 00 ^aMindset for IELTS :^ban official Cambridge IELTS course.^nStudent s book 1 /^cGreg Archer ... [et al.]
246 30 ^aCambridge English.^pMindset for IELTS :^ban officialCambridge IELTS course.^nStudent s book 1
250    ^a1st ed.
260    ^a[Cambridge] :^bCambridge University Press,^c2017
300    ^a189 p. :^bcol. ill. ;^c28 cm.
650  0 ^aEnglish language^vTextbooks for foreign speakers
650  0 ^aEnglish language^vExaminations, questions, etc.
650  0 ^aEnglish language^xExaminations
650  0 ^aInternational English Language Testing System
653    ^aIELTS
700 1  ^aArcher, Greg
945    ^p0^l0^i27865
999    ^aกัณชพร จุลอักษร
รายการนี้ยังไม่มีแท็ก
คุณยังไม่ได้ล็อกอิน คุณสามารถมีกิจกรรมร่วมกับเว็บไซต์ได้ แต่ต้องล็อกอินก่อน ::
  ล็อกอิน

รายการสื่อสารสนเทศ

ลำดับที่ ประเภท เลขเรียก/บาร์โค้ด สถานที่ สถานะ
1. วิทยาศาสตร์การแพทย์ และสุขภาพ
วิทยาศาสตร์การแพทย์ และสุขภาพ
PE1128 M664 ฉ.1 
  Barcode: 27865
ห้องสมุดวิทยาเขตนครสวรรค์
►หนังสือทั่วไป:l:General Books
บนชั้น

รายการใกล้เคียง
    หัวเรื่อง [International English Language Testing System]

BibComment


ยังไม่เคยถูกคอมเมนท์

คอมเมนท์ทรัพยากรรายการนี้
  คอมเมนท์: Mindset for IELT..


 Copyright 2026. Bcnsprnw @Library